A bordo de la 'Santa María' : hombres y naves del descubrimiento / por José María Martínez-Hidalgo hombres y naves del descubrimiento / por José María Martínez-Hidalgo
Descripción Física:
65 p. : il., 1 plànol pleg. ; 24 cm
MARC
| LEADER | 00000nam a2200000Ia 4500 | ||
|---|---|---|---|
| 001 | 8225 | ||
| 008 | 160829s9999 xx 000 0 cat d | ||
| 080 | |a H-2-100 | ||
| 100 | |a Martínez-Hidalgo, José María, |d 1913-2005 |9 22649 | ||
| 245 | 2 | |a A bordo de la 'Santa María' : |b hombres y naves del descubrimiento / por José María Martínez-Hidalgo | |
| 260 | |a [Barcelona : |b Diputación Provincial de Barcelona], DL 1961 | ||
| 300 | |a 65 p. : |b il., 1 plànol pleg. ; |c 24 cm | ||
| 590 | |a Existeix una altra edició amb el mateix títol. | ||
| 590 | |a Glossari de termes marítims antics | ||
| 650 | |a Santa Maria (Caravel·la) |x Història |9 25058 | ||
| 650 | |a Colom, Cristòfor |x Viatges |9 25059 | ||
| 650 | |a Amèrica |x Descobriment i exploracions |x Espanyols |9 25060 | ||
| 710 | 1 | |a Barcelona (Catalunya : Província). |b Diputació |9 52408 | |
| 901 | |a Arxiu | ||
| 942 | |n 1 | ||
| 952 | |0 0 |1 0 |4 0 |6 H2100 |7 1 |9 43429 |a Arxiu |b Arxiu |d 2016-12-01 |l 0 |o H-2-100 |p 8225 |r 2016-12-01 00:00:00 |w 2016-12-01 |y ARXIU | ||
| 999 | |c 45975 |d 45975 | ||